Jewish, Christian or Islamic? - Statistics

General Stats
  • This quiz has been taken 686 times
  • The average score is 13 of 20
Answer Stats
Question Answer % Correct
Muhammad Islamic
99%
Mecca Islamic
96%
Mitzvot Judaism
93%
Shabbat Judaism
91%
Gospels Christianity
86%
Salat Islamic
85%
Tawhid Islamic
81%
Abraham Multiple
80%
Tanakh Judaism
77%
Moses Multiple
77%
Mishnah Judaism
75%
Malaika Islamic
64%
Jesus Multiple
63%
10 Commandments Multiple
63%
Exodus Multiple
55%
Commandment of Love Christianity
48%
Sabbath Multiple
33%
The Didache Christianity
29%
Eating Pig Multiple
28%
2 Angels on either shoulder Islamic
23%
No matching quizzes found
Score Distribution
Percent of People with Each Score
Percentile by Number Answered
Your Score History
You have not taken this quiz